Khảo sát khả năng và cơ chế kích thích tính kháng bệnh cháy bìa lá lúa của dịch trích thực vật : Luận văn tốt nghiệp Cao học ngành Công nghệ sinh học

Đề tài khảo sát và tuyển chọn các loại dịch trích thực vật không ức chế khả năng nẩy mầm và phát triển của hạt lúa, làm giảm bệnh cháy bìa lá lúa trong điều kiện nhà lưới.

שמור ב:
מידע ביבליוגרפי
מחבר ראשי: Trương, văn Xạ
פורמט: ספר
שפה:Undetermined
יצא לאור: Cần Thơ Trường Đại học Cần Thơ 2015
נושאים:
תגים: הוספת תג
אין תגיות, היה/י הראשונ/ה לתייג את הרשומה!
Thư viện lưu trữ: Trung tâm Học liệu Trường Đại học Cần Thơ
LEADER 01080nam a2200205Ia 4500
001 CTU_202825
008 210402s9999 xx 000 0 und d
082 |a 633.18 
082 |b X100 
100 |a Trương, văn Xạ 
245 0 |a Khảo sát khả năng và cơ chế kích thích tính kháng bệnh cháy bìa lá lúa của dịch trích thực vật : 
245 0 |b Luận văn tốt nghiệp Cao học ngành Công nghệ sinh học 
245 0 |c Trương văn Xạ ; Nguyễn Đắc Khoa (Cán bộ hướng dẫn) 
260 |a Cần Thơ 
260 |b Trường Đại học Cần Thơ 
260 |c 2015 
520 |a Đề tài khảo sát và tuyển chọn các loại dịch trích thực vật không ức chế khả năng nẩy mầm và phát triển của hạt lúa, làm giảm bệnh cháy bìa lá lúa trong điều kiện nhà lưới. 
650 |a Cây lúa,Rice 
904 |i Hải 
980 |a Trung tâm Học liệu Trường Đại học Cần Thơ